[Event "eytcc"]
[Site "?"]
[Date "2017.08.19"]
[Round "3.33"]
[White "Pacan-Milej, Kosma"]
[Black "Thybo, Jesper Sondergaard"]
[Result "1/2-1/2"]
[BlackElo "2464"]
[WhiteElo "2338"]
[LiveChessVersion "1.4.4"]

1. d4 {[%clk 1:30:58]} Nf6 {[%clk 1:30:56]} 2. c4 {[%clk 1:31:22]} g6
{[%clk 1:31:22]} 3. f3 {[%clk 1:31:38]} d5 {[%clk 1:31:43]} 4. cxd5
{[%clk 1:32:02]} Nxd5 {[%clk 1:32:08]} 5. e4 {[%clk 1:32:28]} Nb6
{[%clk 1:32:34]} 6. Nc3 {[%clk 1:32:53]} Bg7 {[%clk 1:33:00]} 7. Be3
{[%clk 1:33:18]} O-O {[%clk 1:33:24]} 8. Qd2 {[%clk 1:33:44]} Nc6
{[%clk 1:33:44]} 9. O-O-O {[%clk 1:34:06]} Qd6 {[%clk 1:34:01]} 10. Kb1
{[%clk 1:34:23]} Rd8 {[%clk 1:34:01]} 11. Nb5 {[%clk 1:34:27]} Qd7
{[%clk 1:34:13]} 12. d5 {[%clk 1:34:44]} a6 {[%clk 1:34:02]} 13. Nc3
{[%clk 1:34:49]} Qe8 {[%clk 1:34:28]} 14. Qc1 {[%clk 1:34:41]} Na5
{[%clk 1:30:52]} 15. h4 {[%clk 1:34:28]} e6 {[%clk 1:30:30]} 16. Bf4
{[%clk 1:30:57]} Qe7 {[%clk 1:28:52]} 17. Bg5 {[%clk 1:27:04]} f6
{[%clk 1:29:05]} 18. Be3 {[%clk 1:25:53]} Nac4 {[%clk 1:23:56]} 19. Bxc4
{[%clk 1:19:43]} Nxc4 {[%clk 1:24:19]} 20. Nge2 {[%clk 1:13:32]} Bd7
{[%clk 1:07:51]} 21. h5 {[%clk 1:03:23]} Nxe3 {[%clk 1:06:34]} 22. Qxe3
{[%clk 1:03:20]} Be8 {[%clk 1:00:21]} 23. hxg6 {[%clk 0:53:38]} hxg6
{[%clk 1:00:41]} 24. Nf4 {[%clk 0:52:36]} e5 {[%clk 0:57:14]} 25. Ne6
{[%clk 0:51:12]} Rd6 {[%clk 0:56:58]} 26. f4 {[%clk 0:44:48]} Rxe6
{[%clk 0:45:49]} 27. dxe6 {[%clk 0:45:03]} Qxe6 {[%clk 0:46:14]} 28. Nd5
{[%clk 0:33:37]} Bf7 {[%clk 0:42:43]} 29. b3 {[%clk 0:21:24]} exf4
{[%clk 0:37:36]} 30. Qxf4 {[%clk 0:20:27]} Re8 {[%clk 0:37:55]} 31. Rhf1
{[%clk 0:16:41]} f5 {[%clk 0:36:11]} 32. g4 {[%clk 0:06:33]} g5 {[%clk 0:13:04]}
33. Qxf5 {[%clk 0:05:17]} Bg6 {[%clk 0:12:52]} 34. Qxe6+ {[%clk 0:04:33]} Rxe6
{[%clk 0:13:16]} 35. Rf5 {[%clk 0:02:22]} c6 {[%clk 0:12:24]} 36. Nb6
{[%clk 0:01:27]} Rxe4 {[%clk 0:12:37]} 37. Rxg5 {[%clk 0:01:17]} Rxg4+
{[%clk 0:11:11]} 38. Rxg6 {[%clk 0:01:39]} Rxg6 {[%clk 0:11:37]} 39. Rd8+
{[%clk 0:01:36]} Kh7 {[%clk 0:07:43]} 40. Rd7 {[%clk 0:31:55]} Rg1+
{[%clk 0:37:57]} 41. Kc2 {[%clk 0:32:18]} Rg2+ {[%clk 0:38:22]} 42. Kd3
{[%clk 0:30:46]} Rxa2 {[%clk 0:36:51]} 43. Rxb7 {[%clk 0:30:28]} a5
{[%clk 0:36:11]} 44. Nc4 {[%clk 0:28:44]} a4 {[%clk 0:35:28]} 45. bxa4
{[%clk 0:27:59]} Rxa4 {[%clk 0:35:52]} 46. Rc7 {[%clk 0:28:05]} Ra6
{[%clk 0:36:05]} 47. Ne5 {[%clk 0:26:41]} Ra3+ {[%clk 0:35:51]} 48. Kc4
{[%clk 0:22:18]} Ra1 {[%clk 0:35:15]} 49. Nxc6 {[%clk 0:21:33]} Rc1+ 1/2-1/2

[Event "eytcc"]
[Site "?"]
[Date "2017.08.19"]
[Round "3.34"]
[White "Percivaldi, Martin"]
[Black "Baum, Jonasz"]
[Result "1-0"]
[BlackElo "2294"]
[WhiteElo "2407"]
[LiveChessVersion "1.4.4"]

1. Nf3 {[%clk 1:30:58]} d5 {[%clk 1:30:53]} 2. g3 {[%clk 1:31:21]} Nf6
{[%clk 1:31:17]} 3. Bg2 {[%clk 1:31:43]} e6 {[%clk 1:31:38]} 4. c4
{[%clk 1:31:51]} c5 {[%clk 1:31:27]} 5. cxd5 {[%clk 1:32:11]} Nxd5
{[%clk 1:31:44]} 6. O-O {[%clk 1:31:22]} Nc6 {[%clk 1:32:08]} 7. Nc3
{[%clk 1:28:49]} Be7 {[%clk 1:32:26]} 8. d4 {[%clk 1:29:09]} Nxc3
{[%clk 1:32:07]} 9. bxc3 {[%clk 1:29:32]} cxd4 {[%clk 1:31:13]} 10. cxd4
{[%clk 1:28:45]} Bf6 {[%clk 1:28:10]} 11. e3 {[%clk 1:26:10]} O-O
{[%clk 1:28:04]} 12. Ba3 {[%clk 1:26:19]} Re8 {[%clk 1:27:02]} 13. Rb1
{[%clk 1:22:48]} Rb8 {[%clk 1:18:44]} 14. Nd2 {[%clk 1:20:09]} Qc7
{[%clk 1:11:15]} 15. Qc2 {[%clk 1:15:54]} Bd7 {[%clk 1:10:18]} 16. Ne4
{[%clk 1:15:03]} Be7 {[%clk 1:10:14]} 17. Bxe7 {[%clk 1:15:07]} Rxe7
{[%clk 1:10:39]} 18. Rfc1 {[%clk 1:14:19]} Be8 {[%clk 0:56:04]} 19. Ng5
{[%clk 1:11:32]} g6 {[%clk 0:55:59]} 20. Ne4 {[%clk 1:11:24]} f5 {[%clk 0:34:48]}
21. Nf6+ {[%clk 1:07:30]} Kg7 {[%clk 0:34:47]} 22. Nxe8+ {[%clk 1:07:42]} Rbxe8
{[%clk 0:34:52]} 23. Bxc6 {[%clk 1:08:05]} bxc6 {[%clk 0:35:16]} 24. Qxc6
{[%clk 1:08:29]} Rc8 {[%clk 0:35:09]} 25. Rb7 {[%clk 1:06:51]} Qxb7
{[%clk 0:33:54]} 26. Qxc8 {[%clk 1:07:13]} Kf6 {[%clk 0:28:53]} 27. Qh8+
{[%clk 1:03:51]} Rg7 {[%clk 0:27:58]} 28. h4 {[%clk 1:03:54]} f4 {[%clk 0:20:53]}
29. exf4 {[%clk 0:53:31]} Kf5 {[%clk 0:20:34]} 30. Qc8 {[%clk 0:53:38]} Qxc8
{[%clk 0:20:25]} 31. Rxc8 {[%clk 0:54:02]} Ke4 {[%clk 0:19:09]} 32. Rc4
{[%clk 0:53:34]} Rd7 {[%clk 0:16:16]} 33. Ra4 {[%clk 0:53:01]} Kf3
{[%clk 0:16:08]} 34. Ra3+ {[%clk 0:53:16]} Ke4 {[%clk 0:16:32]} 35. Re3+
{[%clk 0:53:18]} Kxd4 {[%clk 0:16:45]} 36. Rxe6 {[%clk 0:53:43]} Kc3
{[%clk 0:15:37]} 37. Ra6 {[%clk 0:53:23]} Kb4 {[%clk 0:12:32]} 38. Kg2
{[%clk 0:53:47]} Kb5 {[%clk 0:12:55]} 39. Ra3 {[%clk 0:54:09]} a5
{[%clk 0:13:01]} 40. Re3 {[%clk 1:24:13]} a4 {[%clk 0:42:40]} 41. g4
{[%clk 1:24:25]} Kb4 {[%clk 0:42:26]} 42. a3+ {[%clk 1:24:50]} Kc4
{[%clk 0:42:48]} 43. f5 {[%clk 1:22:06]} gxf5 {[%clk 0:43:00]} 44. gxf5
{[%clk 1:22:30]} Rf7 {[%clk 0:42:37]} 45. Rf3 {[%clk 1:22:54]} Kd5
{[%clk 0:39:59]} 46. f6 {[%clk 1:23:07]} Ke5 {[%clk 0:39:28]} 47. Kg3
{[%clk 1:23:27]} h5 {[%clk 0:39:33]} 48. Rf4 {[%clk 1:23:46]} Kd5
{[%clk 0:39:32]} 49. Kf3 {[%clk 1:24:07]} Ke5 {[%clk 0:39:36]} 50. Ke3
{[%clk 1:24:10]} Kd5 {[%clk 0:39:48]} 51. Rf5+ {[%clk 1:24:31]} Ke6
{[%clk 0:39:21]} 52. Kf4 {[%clk 1:24:33]} Kd6 {[%clk 0:39:07]} 53. Kg5
{[%clk 1:24:55]} Ke6 {[%clk 0:39:33]} 54. Kg6 {[%clk 1:25:19]} 1-0

[Event "eytcc"]
[Site "?"]
[Date "2017.08.19"]
[Round "3.35"]
[White "Oglaza, Oskar"]
[Black "Bjerre, Jonas"]
[Result "0-1"]
[BlackElo "2357"]
[WhiteElo "2185"]
[LiveChessVersion "1.4.4"]

1. e4 {[%clk 1:30:38]} c5 {[%clk 1:30:55]} 2. Nf3 {[%clk 1:31:01]} d6
{[%clk 1:31:19]} 3. d4 {[%clk 1:31:26]} cxd4 {[%clk 1:31:44]} 4. Nxd4
{[%clk 1:31:33]} Nf6 {[%clk 1:32:06]} 5. Nc3 {[%clk 1:31:58]} a6 {[%clk 1:32:27]}
6. h3 {[%clk 1:32:18]} e5 {[%clk 1:32:26]} 7. Nde2 {[%clk 1:32:28]} h5
{[%clk 1:32:42]} 8. Bg5 {[%clk 1:32:45]} Be6 {[%clk 1:32:57]} 9. Bxf6
{[%clk 1:33:06]} Qxf6 {[%clk 1:33:20]} 10. Nd5 {[%clk 1:33:31]} Qd8
{[%clk 1:33:40]} 11. Qd3 {[%clk 1:33:44]} Nd7 {[%clk 1:33:37]} 12. O-O-O
{[%clk 1:33:28]} g6 {[%clk 1:33:43]} 13. Kb1 {[%clk 1:33:49]} Nc5
{[%clk 1:33:38]} 14. Qa3 {[%clk 1:34:02]} Bg7 {[%clk 1:27:29]} 15. Nec3
{[%clk 1:32:46]} O-O {[%clk 1:26:29]} 16. Be2 {[%clk 1:32:26]} b5
{[%clk 1:23:54]} 17. h4 {[%clk 1:31:38]} Bxd5 {[%clk 1:10:36]} 18. Rxd5
{[%clk 1:13:05]} Qf6 {[%clk 1:02:33]} 19. Bf3 {[%clk 1:00:51]} Rfb8
{[%clk 0:57:38]} 20. Ne2 {[%clk 0:58:28]} Bh6 {[%clk 0:48:32]} 21. Qa5
{[%clk 0:46:18]} b4 {[%clk 0:42:06]} 22. c3 {[%clk 0:39:19]} Rb5 {[%clk 0:33:27]}
23. Qc7 {[%clk 0:39:28]} Bf8 {[%clk 0:32:31]} 24. cxb4 {[%clk 0:21:58]} Rxb4
{[%clk 0:30:58]} 25. Nc3 {[%clk 0:20:56]} Rab8 {[%clk 0:28:07]} 26. Rd2
{[%clk 0:19:27]} Qe6 {[%clk 0:24:58]} 27. Qc6 {[%clk 0:11:52]} Qc4
{[%clk 0:22:20]} 28. Nd1 {[%clk 0:09:04]} Nxe4 {[%clk 0:15:08]} 29. Qxe4
{[%clk 0:09:19]} Qxe4+ {[%clk 0:15:31]} 30. Bxe4 {[%clk 0:09:37]} Rxe4
{[%clk 0:15:53]} 31. Nc3 {[%clk 0:09:57]} Reb4 {[%clk 0:14:40]} 32. Nd5
{[%clk 0:10:15]} R4b7 {[%clk 0:11:27]} 33. g4 {[%clk 0:08:23]} hxg4
{[%clk 0:10:32]} 34. h5 {[%clk 0:08:34]} Bh6 {[%clk 0:08:47]} 35. Rc2
{[%clk 0:08:46]} gxh5 {[%clk 0:07:39]} 36. Rxh5 {[%clk 0:08:03]} Kg7
{[%clk 0:07:54]} 37. Rf5 {[%clk 0:08:05]} Rb5 {[%clk 0:06:56]} 38. Nc7
{[%clk 0:08:13]} Rxb2+ {[%clk 0:04:37]} 39. Rxb2 {[%clk 0:08:26]} Rxb2+
{[%clk 0:05:05]} 40. Kxb2 {[%clk 0:38:44]} Kg6 {[%clk 0:35:28]} 41. Rxf7
{[%clk 0:38:30]} Kxf7 {[%clk 0:35:50]} 42. Kc3 {[%clk 0:38:15]} Be3
{[%clk 0:34:16]} 43. Nxa6 {[%clk 0:38:11]} Bxf2 {[%clk 0:34:34]} 44. Kd3
{[%clk 0:38:36]} Bb6 {[%clk 0:34:23]} 45. Ke2 {[%clk 0:38:56]} Ke6
{[%clk 0:33:50]} 46. a4 {[%clk 0:39:10]} e4 {[%clk 0:33:26]} 47. Nb4
{[%clk 0:39:32]} d5 {[%clk 0:33:24]} 48. Nc6 {[%clk 0:39:50]} Kd6
{[%clk 0:33:38]} 0-1

[Event "eytcc"]
[Site "?"]
[Date "2017.08.19"]
[Round "3.36"]
[White "Jacobsen, Mikkel Manosri"]
[Black "Chyzy, Jakub"]
[Result "1-0"]
[BlackElo "2174"]
[WhiteElo "2219"]
[LiveChessVersion "1.4.4"]

1. d4 {[%clk 1:30:57]} d5 {[%clk 1:30:55]} 2. c4 {[%clk 1:31:23]} e6
{[%clk 1:31:20]} 3. Nc3 {[%clk 1:31:48]} Nf6 {[%clk 1:31:45]} 4. Bg5
{[%clk 1:32:15]} Nbd7 {[%clk 1:32:07]} 5. cxd5 {[%clk 1:32:33]} exd5
{[%clk 1:32:35]} 6. e3 {[%clk 1:32:50]} Be7 {[%clk 1:32:59]} 7. Qc2
{[%clk 1:33:10]} O-O {[%clk 1:33:15]} 8. Bd3 {[%clk 1:33:37]} Re8
{[%clk 1:33:30]} 9. Nge2 {[%clk 1:34:01]} c6 {[%clk 1:33:48]} 10. f3
{[%clk 1:32:59]} Nf8 {[%clk 1:32:59]} 11. O-O {[%clk 1:33:10]} Be6
{[%clk 1:33:12]} 12. Rad1 {[%clk 1:31:52]} Rc8 {[%clk 1:33:19]} 13. Kh1
{[%clk 1:30:31]} a6 {[%clk 1:33:36]} 14. Nf4 {[%clk 1:24:54]} c5 {[%clk 1:18:33]}
15. dxc5 {[%clk 1:22:36]} Rxc5 {[%clk 1:17:28]} 16. Qd2 {[%clk 1:10:53]} h6
{[%clk 0:53:49]} 17. Bh4 {[%clk 1:07:14]} N6d7 {[%clk 0:52:18]} 18. Bxe7
{[%clk 1:05:57]} Qxe7 {[%clk 0:51:09]} 19. b4 {[%clk 1:05:47]} Rc6
{[%clk 0:44:25]} 20. Ncxd5 {[%clk 1:04:22]} Qg5 {[%clk 0:42:36]} 21. Be4
{[%clk 0:53:45]} f5 {[%clk 0:38:59]} 22. Nxe6 {[%clk 0:49:15]} Rexe6
{[%clk 0:31:03]} 23. Bc2 {[%clk 0:48:10]} Kh8 {[%clk 0:24:33]} 24. Qd3
{[%clk 0:44:56]} Rg6 {[%clk 0:12:52]} 25. Nf4 {[%clk 0:40:41]} Rgf6
{[%clk 0:12:47]} 26. Bb3 {[%clk 0:40:59]} Rfd6 {[%clk 0:07:52]} 27. Qe2
{[%clk 0:39:10]} Qd8 {[%clk 0:07:25]} 28. Rxd6 {[%clk 0:27:56]} Rxd6
{[%clk 0:07:52]} 29. Qc2 {[%clk 0:28:16]} Ne5 {[%clk 0:03:38]} 30. Qxf5
{[%clk 0:27:40]} Qe8 {[%clk 0:03:30]} 31. Rc1 {[%clk 0:24:58]} Rf6
{[%clk 0:03:10]} 32. Qe4 {[%clk 0:23:49]} Nfd7 {[%clk 0:02:02]} 33. Qxb7
{[%clk 0:22:47]} Rf8 {[%clk 0:02:00]} 34. Qxa6 {[%clk 0:22:15]} 1-0

[Event "eytcc"]
[Site "?"]
[Date "2017.08.19"]
[Round "3.37"]
[White "Murphy, Conor E"]
[Black "Czopor, Maciej"]
[Result "1/2-1/2"]
[BlackElo "2105"]
[WhiteElo "2164"]
[LiveChessVersion "1.4.4"]

1. d4 {[%clk 1:30:51]} Nf6 {[%clk 1:30:47]} 2. Bg5 {[%clk 1:31:01]} e6
{[%clk 1:30:55]} 3. Nd2 {[%clk 1:31:15]} c5 {[%clk 1:30:36]} 4. e3
{[%clk 1:31:23]} Nc6 {[%clk 1:30:03]} 5. c3 {[%clk 1:31:32]} b6 {[%clk 1:29:28]}
6. Ngf3 {[%clk 1:31:16]} Be7 {[%clk 1:29:22]} 7. Bd3 {[%clk 1:31:08]} Bb7
{[%clk 1:29:23]} 8. O-O {[%clk 1:31:14]} O-O {[%clk 1:28:26]} 9. Qb1
{[%clk 1:30:55]} h6 {[%clk 1:28:06]} 10. Bxf6 {[%clk 1:28:48]} Bxf6
{[%clk 1:28:09]} 11. b4 {[%clk 1:29:03]} cxb4 {[%clk 1:26:47]} 12. cxb4
{[%clk 1:29:26]} d6 {[%clk 1:20:23]} 13. Rc1 {[%clk 1:24:40]} g5 {[%clk 1:08:26]}
14. Ne4 {[%clk 1:14:52]} Be7 {[%clk 1:05:56]} 15. Ng3 {[%clk 1:04:45]} d5
{[%clk 0:49:50]} 16. b5 {[%clk 1:02:15]} Na5 {[%clk 0:49:08]} 17. Ne5
{[%clk 1:02:21]} f5 {[%clk 0:46:27]} 18. Nh5 {[%clk 0:34:06]} Bd6
{[%clk 0:41:48]} 19. g4 {[%clk 0:29:36]} Bxe5 {[%clk 0:40:19]} 20. dxe5
{[%clk 0:28:52]} d4 {[%clk 0:40:29]} 21. e4 {[%clk 0:22:15]} fxg4
{[%clk 0:36:56]} 22. Qb4 {[%clk 0:21:46]} Rf3 {[%clk 0:33:35]} 23. Nf6+
{[%clk 0:21:53]} Kh8 {[%clk 0:29:57]} 24. Rd1 {[%clk 0:20:43]} Rxf6
{[%clk 0:27:24]} 25. exf6 {[%clk 0:21:07]} Qxf6 {[%clk 0:27:38]} 26. Qd6
{[%clk 0:17:14]} Rd8 {[%clk 0:26:00]} 27. e5 {[%clk 0:15:43]} Rxd6
{[%clk 0:25:30]} 28. exf6 {[%clk 0:16:12]} Kg8 {[%clk 0:24:35]} 29. Rac1
{[%clk 0:13:58]} Kf7 {[%clk 0:21:12]} 30. Rc7+ {[%clk 0:14:14]} Kxf6
{[%clk 0:21:33]} 31. Rh7 {[%clk 0:14:34]} e5 {[%clk 0:18:46]} 32. Rxh6+
{[%clk 0:12:35]} Ke7 {[%clk 0:19:08]} 33. Rh7+ {[%clk 0:12:36]} Ke6
{[%clk 0:19:30]} 34. Re1 {[%clk 0:11:27]} Bf3 {[%clk 0:19:38]} 35. Rh5
{[%clk 0:10:46]} Kd5 {[%clk 0:17:21]} 36. Rxg5 {[%clk 0:10:25]} Re6
{[%clk 0:16:38]} 37. Bf5 {[%clk 0:06:39]} Re7 {[%clk 0:16:12]} 38. Bxg4
{[%clk 0:06:43]} Bxg4 {[%clk 0:16:18]} 39. Rxg4 {[%clk 0:07:10]} e4
{[%clk 0:14:40]} 40. f3 {[%clk 0:30:34]} e3 {[%clk 0:43:36]} 41. Rd1
{[%clk 0:30:17]} e2 {[%clk 0:42:27]} 42. Rgxd4+ {[%clk 0:30:35]} Kc5
{[%clk 0:42:14]} 43. Rd5+ {[%clk 0:30:43]} Kc4 {[%clk 0:42:10]} 44. R5d4+
{[%clk 0:30:50]} 1/2-1/2

[Event "eytcc"]
[Site "?"]
[Date "2017.08.19"]
[Round "3.38"]
[White "Guzik, Kacper"]
[Black "Whatley, Stephen A J"]
[Result "0-1"]
[BlackElo "2172"]
[WhiteElo "1243"]
[LiveChessVersion "1.4.4"]

1. e4 {[%clk 1:30:59]} c5 {[%clk 1:26:33]} 2. Nf3 {[%clk 1:31:08]} e6
{[%clk 1:26:49]} 3. d4 {[%clk 1:31:03]} cxd4 {[%clk 1:27:03]} 4. Nxd4
{[%clk 1:31:30]} Nc6 {[%clk 1:26:52]} 5. Nc3 {[%clk 1:27:55]} Qc7
{[%clk 1:27:01]} 6. Ndb5 {[%clk 1:26:05]} Qb8 {[%clk 1:27:12]} 7. Be3
{[%clk 1:21:57]} a6 {[%clk 1:27:17]} 8. Bb6 {[%clk 1:10:59]} axb5
{[%clk 1:26:12]} 9. Nxb5 {[%clk 1:10:52]} Bb4+ {[%clk 1:25:37]} 10. c3
{[%clk 1:09:41]} Ba5 {[%clk 1:25:57]} 11. Nc7+ {[%clk 1:04:55]} Qxc7
{[%clk 1:26:17]} 12. Bxc7 {[%clk 1:05:04]} Bxc7 {[%clk 1:26:40]} 13. Bd3
{[%clk 1:04:41]} Nf6 {[%clk 1:25:17]} 14. O-O {[%clk 1:04:01]} O-O
{[%clk 1:21:57]} 15. f4 {[%clk 1:00:27]} e5 {[%clk 1:21:35]} 16. f5
{[%clk 0:58:50]} d5 {[%clk 1:20:58]} 17. exd5 {[%clk 0:53:03]} Nxd5
{[%clk 1:19:56]} 18. Qh5 {[%clk 0:51:45]} Nf6 {[%clk 1:17:23]} 19. Qh4
{[%clk 0:50:42]} Ne7 {[%clk 1:12:18]} 20. Rf3 {[%clk 0:44:40]} Ned5
{[%clk 1:09:33]} 21. c4 {[%clk 0:40:53]} Nf4 {[%clk 1:08:01]} 22. g4
{[%clk 0:36:46]} h6 {[%clk 0:35:35]} 23. g5 {[%clk 0:25:54]} hxg5
{[%clk 0:33:17]} 24. Qxg5 {[%clk 0:25:11]} e4 {[%clk 0:32:38]} 25. Rg3
{[%clk 0:19:57]} N4h5 {[%clk 0:31:06]} 26. Rh3 {[%clk 0:17:45]} Bf4
{[%clk 0:30:10]} 27. Qh4 {[%clk 0:13:44]} exd3 {[%clk 0:30:00]} 28. Rxd3
{[%clk 0:13:27]} Bxf5 {[%clk 0:29:54]} 29. Rf3 {[%clk 0:12:54]} Bg4
{[%clk 0:29:35]} 30. Rd3 {[%clk 0:11:41]} Be2 {[%clk 0:28:36]} 31. Rc3
{[%clk 0:09:29]} Rfe8 {[%clk 0:27:56]} 32. h3 {[%clk 0:07:53]} Ra5
{[%clk 0:25:18]} 0-1

[Event "eytcc"]
[Site "?"]
[Date "2017.08.19"]
[Round "3.39"]
[White "Kalavannan, Koby"]
[Black "Jaszczuk, Mateusz"]
[Result "1-0"]
[BlackElo "1472"]
[WhiteElo "2201"]
[LiveChessVersion "1.4.4"]

1. d4 {[%clk 1:30:53]} d5 {[%clk 1:30:43]} 2. Nf3 {[%clk 1:31:09]} Nf6
{[%clk 1:30:07]} 3. c4 {[%clk 1:31:31]} c6 {[%clk 1:30:16]} 4. Nbd2
{[%clk 1:31:54]} Nbd7 {[%clk 1:27:37]} 5. g3 {[%clk 1:31:06]} e6 {[%clk 1:20:40]}
6. Bg2 {[%clk 1:31:21]} Bb4 {[%clk 1:16:30]} 7. Qc2 {[%clk 1:29:55]} Ne4
{[%clk 1:09:01]} 8. O-O {[%clk 1:27:49]} Ndf6 {[%clk 1:00:16]} 9. Rd1
{[%clk 1:23:26]} Nxd2 {[%clk 0:55:18]} 10. Bxd2 {[%clk 1:23:34]} Bxd2
{[%clk 0:55:04]} 11. Nxd2 {[%clk 1:22:45]} O-O {[%clk 0:55:01]} 12. e4
{[%clk 1:21:50]} dxe4 {[%clk 0:41:57]} 13. Nxe4 {[%clk 1:21:55]} Nxe4
{[%clk 0:38:55]} 14. Bxe4 {[%clk 1:21:47]} f5 {[%clk 0:36:41]} 15. Bg2
{[%clk 1:20:18]} Qf6 {[%clk 0:33:25]} 16. Qc3 {[%clk 1:13:25]} Bd7
{[%clk 0:28:54]} 17. Qb4 {[%clk 0:56:27]} Rab8 {[%clk 0:23:41]} 18. Qa5
{[%clk 0:42:43]} a6 {[%clk 0:16:55]} 19. Re1 {[%clk 0:35:14]} f4 {[%clk 0:10:12]}
20. Qd2 {[%clk 0:30:51]} g5 {[%clk 0:06:24]} 21. Re5 {[%clk 0:27:21]} g4
{[%clk 0:05:45]} 22. Re4 {[%clk 0:27:33]} fxg3 {[%clk 0:04:52]} 23. Rxg4+
{[%clk 0:27:32]} Kh8 {[%clk 0:05:11]} 24. hxg3 {[%clk 0:26:08]} Be8
{[%clk 0:04:16]} 25. Rf4 {[%clk 0:24:18]} Qh6 {[%clk 0:03:29]} 26. Rxf8+
{[%clk 0:22:33]} Qxf8 {[%clk 0:03:50]} 27. Qe3 {[%clk 0:19:39]} Qf6
{[%clk 0:02:42]} 28. Re1 {[%clk 0:17:06]} Bf7 {[%clk 0:01:50]} 29. Qc3
{[%clk 0:16:38]} Rd8 {[%clk 0:01:50]} 30. Re5 {[%clk 0:16:21]} Kg8
{[%clk 0:00:40]} 31. d5 {[%clk 0:11:06]} Rc8 {[%clk 0:00:49]} 32. f4
{[%clk 0:09:30]} Qg6 {[%clk 0:00:44]} 33. Rg5 {[%clk 0:09:36]} 1-0

[Event "eytcc"]
[Site "?"]
[Date "2017.08.19"]
[Round "3.40"]
[White "Kosztyla, Mateusz"]
[Black "Varney, Zoe"]
[Result "0-1"]
[BlackElo "2005"]
[WhiteElo "1266"]
[LiveChessVersion "1.4.4"]

1. e4 {[%clk 1:30:58]} e5 {[%clk 1:30:52]} 2. Nf3 {[%clk 1:31:24]} Nc6
{[%clk 1:31:14]} 3. Bb5 {[%clk 1:31:44]} Nf6 {[%clk 1:31:26]} 4. d3
{[%clk 1:31:54]} d6 {[%clk 1:31:34]} 5. O-O {[%clk 1:32:17]} g6 {[%clk 1:30:51]}
6. d4 {[%clk 1:32:22]} Bd7 {[%clk 1:30:37]} 7. d5 {[%clk 1:32:00]} Ne7
{[%clk 1:28:05]} 8. Bd3 {[%clk 1:32:04]} Bg7 {[%clk 1:27:57]} 9. c4
{[%clk 1:31:59]} O-O {[%clk 1:26:12]} 10. Nc3 {[%clk 1:30:55]} Ne8
{[%clk 1:20:12]} 11. Re1 {[%clk 1:26:11]} f5 {[%clk 1:17:58]} 12. exf5
{[%clk 1:26:16]} gxf5 {[%clk 1:16:39]} 13. Ng5 {[%clk 1:17:33]} h6
{[%clk 1:13:17]} 14. Ne6 {[%clk 1:15:28]} Bxe6 {[%clk 1:13:34]} 15. dxe6
{[%clk 1:15:53]} Qc8 {[%clk 1:13:32]} 16. Qb3 {[%clk 1:03:01]} b6
{[%clk 1:10:57]} 17. Nd5 {[%clk 1:00:26]} Qxe6 {[%clk 1:08:47]} 18. Nxe7+
{[%clk 1:00:41]} Qxe7 {[%clk 1:09:09]} 19. c5+ {[%clk 1:00:44]} Kh8
{[%clk 1:08:37]} 20. cxb6 {[%clk 1:00:19]} axb6 {[%clk 1:07:18]} 21. Re3
{[%clk 0:59:59]} f4 {[%clk 0:52:41]} 22. Rh3 {[%clk 0:58:48]} Nf6
{[%clk 0:51:57]} 23. Bg6 {[%clk 0:55:20]} Nh7 {[%clk 0:47:23]} 24. g3
{[%clk 0:52:03]} Ng5 {[%clk 0:35:41]} 25. Rh5 {[%clk 0:52:02]} Rf6
{[%clk 0:34:22]} 26. gxf4 {[%clk 0:44:19]} exf4 {[%clk 0:32:12]} 27. Bd3
{[%clk 0:33:55]} Qe1+ 28. Kg2 {[%clk 0:27:36]} f3+ {[%clk 0:30:12]} 29. Kg3
{[%clk 0:27:44]} Qg1+ {[%clk 0:30:31]} 30. Kh4 {[%clk 0:28:07]} Qxh2+
{[%clk 0:30:37]} 31. Kg4 {[%clk 0:28:26]} Qg2+ {[%clk 0:30:57]} 32. Kh4
{[%clk 0:28:32]} Qh3# {[%clk 0:31:13]} 0-1

[Event "eytcc"]
[Site "?"]
[Date "2017.08.19"]
[Round "3.41"]
[White "Jakab, Bela"]
[Black "Chukavin, Kirill"]
[Result "1/2-1/2"]
[BlackElo "2159"]
[WhiteElo "2195"]
[LiveChessVersion "1.4.4"]

1. e4 c5 2. Nf3 e6 3. c3 d5 4. exd5 exd5 5. d4 Nc6 6. Be3 Qb6 7. Qb3 c4 8. Qxb6
axb6 9. Nbd2 b5 10. a3 b4 11. cxb4 Bxb4 12. Rc1 Bd6 13. Bxc4 dxc4 14. Nxc4 Bc7
15. d5 Na5 16. Ncd2 Bd6 17. b4 Nf6 18. Bb6 Nxd5 19. Bxa5 b6 20. Bxb6 Nxb6 21. Rc6
Rxa3 22. O-O Bxb4 23. Re1+ Be6 24. Rxb6 Bxd2 25. Nxd2 O-O 26. Rb2 h6 27. h3 Rd8
28. Nf1 Rd4 29. Ne3 Rda4 30. Kh2 Ra2 31. Rxa2 Rxa2 32. Kg3 g5 33. f3 Kg7 34. h4
f5 35. hxg5 hxg5 36. Kh2 Kf6 37. Kg1 Ra6 38. Nf1 Ra4 39. Ng3 Bf7 40. Re2 Bg6 41.
Kf2 f4 42. Nf1 g4 43. fxg4 Bd3 44. Rd2 Bxf1 45. Kxf1 Kg5 46. Kf2 Kxg4 47. Rb2 Ra3
1/2-1/2

[Event "eytcc"]
[Site "?"]
[Date "2017.08.19"]
[Round "3.42"]
[White "Garanin, Aleksei"]
[Black "Molnar, Erno"]
[Result "1/2-1/2"]
[BlackElo "2194"]
[WhiteElo "2192"]
[LiveChessVersion "1.4.4"]

1. e4 e5 2. Nf3 Nc6 3. Bb5 a6 4. Ba4 Nf6 5. O-O Be7 6. Re1 b5 7. Bb3 O-O 8. h3 d6
9. c3 Na5 10. Bc2 c5 11. d4 Qc7 12. Nbd2 cxd4 13. cxd4 Nc6 14. Nb3 a5 15. Be3 a4
16. Nbd2 Bd7 17. Rc1 Qb7 18. Bb1 Rac8 19. Nf1 Rfe8 20. Ng3 h6 21. dxe5 dxe5 22.
Nh4 Bb4 23. Rf1 Red8 24. Qf3 Be6 25. Nhf5 Ne8 26. Nh5 Bf8 27. Qg4 Kh7 28. Qh4 Ne7
29. g4 Ng6 30. Qg3 Nd6 31. Bc5 Nxf5 32. exf5 Bxc5 33. fxg6+ fxg6 34. Qxe5 Bxf2+
35. Kxf2 Rd2+ 36. Ke3 Rcd8 37. Qc7 Qxc7 38. Rxc7 Bxa2 39. Bxg6+ Kh8 40. Rf8+ Rxf8
41. Kxd2 b4 42. Ke3 a3 43. bxa3 bxa3 44. Ra7 Bd5 45. Nf4 Ra8 46. Rxa8+ Bxa8 47.
Bf7 g5 48. Ne2 Kg7 49. Ba2 Kf6 50. Ng1 Bg2 51. Kf2 Bc6 52. Nf3 h5 53. Nd4 Ba4 54.
Ke3 hxg4 55. hxg4 Ke5 56. Nf3+ Kf6 57. Kf2 Bd7 1/2-1/2